Bytový dom

Gespeichert in:
Bibliographische Detailangaben
1. Verfasser: Kubiš, Viktor (Verfasst von)
Weitere Verfasser: Šmotlák, Marcel (Betreuung Doktorarbeit)
Format: Manuskript Buch
Sprache:Slowakisch
Veröffentlicht: 2020
Schlagworte:
Online-Zugang:http://is.stuba.sk/zp/portal_zp.pl?podrobnosti=159796
https://opac.crzp.sk/?fn=detailBiblioForm&sid=551040C4B46A551A406EFFC2BF23
Tags: Tag hinzufügen
Keine Tags, Fügen Sie das erste Tag hinzu!

MARC

LEADER 00000ntm a22000003a 4500
001 stuzp81128
003 SK-STU
005 20230519105503.0
007 ta
008 150427s2015----xo-----f-mn---000-0-slo-d
040 |a STU  |b slo 
041 0 |a slo 
100 1 |a Kubiš, Viktor  |u 010270  |4 aut  |U SvF Stavebná fakulta  |T SvF Katedra technológie stavieb  |X 80934  |U V270  |Y 28  |7 80934 
242 0 1 |a Flat house  |y eng 
245 1 0 |a Bytový dom 
260 |c 2020 
650 4 |a Bytový dom  |2 slo 
650 4 |a Technologický predpis  |2 slo 
650 4 |a Striekaná izolácia  |2 slo 
650 4 |a Spray foam insulation  |2 eng 
650 4 |a Apartment building  |2 eng 
650 4 |a Technological regulation  |2 eng 
700 1 |a Šmotlák, Marcel  |u 010270  |k Z8  |4 ths  |U SvF Stavebná fakulta  |T SvF Katedra technológie stavieb  |X 28851  |U V270  |Y 28  |7 A000028851 
856 4 |u http://is.stuba.sk/zp/portal_zp.pl?podrobnosti=159796 
856 4 |u https://opac.crzp.sk/?fn=detailBiblioForm&sid=551040C4B46A551A406EFFC2BF23